Integrantes da Loud - Statistics

Estatísticas Gerais
  • Esse quiz foi jogado 53 vezes
  • A pontuação média é 17 de 30
Estatísticas das Respostas
Idade Integrantes da Loud % Correto
22 Coringa
94%
20 Babi
91%
25 Voltan
83%
13 Thurzin
81%
19 Bak
77%
22 Mii
74%
24 GS
70%
23 Jordan
70%
20 ShariiN
70%
18 Vini
70%
21 Will
70%
19 Mob
68%
24 Thaiga
68%
26 PlayHard
64%
21 Brabox
62%
20 Lzinn
62%
18 Leleo
55%
16 Noda
55%
19 Bradoock
51%
19 Lasers
49%
23 Caiox
47%
19 Kronos
43%
24 DaCruz
36%
20 Crusher Fooxi
34%
20 DyNquedo
21%
30 Ceos
19%
21 Duds
19%
19 Tay
19%
20 Brance
17%
16 Mewkyo
17%
Nenhum quiz correspondente encontrado
Distribuição das Pontuações
Porcentagem de Pessoas com Cada Pontuação
Percentil de Números Respondidos
Sua Pontuação Histórica
Você não jogou esse quiz